| 000 | 00391nam a2200169Ia 4500 | ||
|---|---|---|---|
| 008 | 230524s9999 xx 000 0 und d | ||
| 082 |
_a621.382 _bBER |
||
| 100 | _aKenneth A.Berman | ||
| 245 | 0 | _aAlgorithms | |
| 250 | _aIST | ||
| 260 |
_aNEW DELHI _bCengage _c2008 |
||
| 300 | _aXI;751 | ||
| 500 | _aQuantity Number: 5 | ||
| 650 | _aComp-Sc | ||
| 700 | _a Jerome L.Paul | ||
| 942 | _cBK | ||
| 999 |
_c45419 _d45419 |
||